000 00917nam a2200217 a 4500
001 BRCA_1311
005 20190320203353.0
008 940214s1994 dcua---##c---#001-0#eng-d
020 _a1560984511
040 _aDLC
_cDLC
_dDLC
050 4 _aE56
_b.A56 1994
245 1 0 _aAll Roads are Good
_bNative Voices on Life and Culture.
260 _aWashington
_bSmithsonian Institution Press : National Museum of the American Indian
_c1994
300 _a224 p.
_bil. (algunas a color)
_c26 cm.
500 _aCatálogo de la exposición realizada en el National Museum of the American Indian, Smithsonian Institution, (Nueva York), octubre 1994 - febrero 1998
500 _aIncluye índice analítico
610 2 4 _aNational Museum of the American Indian (Nueva York)
_vExposiciones
_94287
650 1 4 _aIndios
_vExposiciones
_xCultura
_94288
650 1 4 _aIndios
_vExposiciones
_xVida social y costumbres
_94289
942 _2lcc
_cB
999 _c1175
_d1175